000 00999cad a22002055a 4500
001 L152298
008 110218e20110217xxk 000 0 eng d
035 _a(Sirsi) u152298
041 0 _aeng
110 2 _aUnited Kingdom
_bDepartment for Environment, Food and Rural Affairs
245 0 4 _aThe future of forestry in England
_h[electronic resource]
260 _c2011
490 _aDEFRA News Release
_v17 February 2011(2)
520 _aConsultation on the future management of the Public Forest Estate has been halted and all forestry clauses in the Public Bodies Bill will be removed Environment Secretary Caroline Spelman confirmed. An independent panel of experts will examine forestry policy in England and report back in the autumn.
590 _aKA NTK
651 4 _aEngland
_y886-
690 _aENVIRONMENT AND LAND CONSULTANCY-PLANNING AND DEVELOPMENT
856 4 0 _uhttps://ww2.defra.gov.uk/news/2011/02/17/futureforestry/
_zView the item free of charge at ww2.defra.gov.uk
942 _n0
999 _c82935
_d82935